000 00857nam a2200217Ii 4500
003 JO-AjNU
008 230605s9999||||xx |||||||||||||| ||und||
017 _a2011/7/2852
040 _aJO-AjNU
_bara
_erda
_cJO-AjNU
041 _aara
050 1 4 _aHV6431 2011
100 3 _a الشرفات، سعود فياض,
_eauthor
_950273
245 0 0 _aالعولمة والإرهاب : عالم مسطح أم وديان عميقة
250 _aط1
264 3 1 _aعمان: دار ورد الاردنية للنشر والتوزيع، 2011
300 _a316ص
_bيحتوي على ببلوغرافية من 307-316ص
336 _atext
_btxt
_2rdacontent
337 _aunmediated
_bn
_2rdamedia
338 _avolume
_bnc
_2rdacarrier
650 4 _aالإرهاب الدولي - السياسة الدولية - الارهاب - جوانب اجتماعية
_950274
999 _aA22135
_c25703
_d25703